000 00835nam a2200265 a 4500
001 000047818
005 20260129095557.0
008 111020s1982 ag 000 0 spa d
040 _aDO-SdBNP
_bspa
_cBNPHU
082 _a150
_bM516i, 1982
100 1 _aMejía Reicart G., Tirso
_d1936-
_975399
245 1 0 _aIntroducción a la psicología /
_cTirso Mejía Ricart G.
250 _a3a. ed.
260 _aSanto Domingo :
_bFandación Mejía Ricart-Guzman Boom,
_c1982.
300 _a342 p. ;
_c18 cm.
490 1 _aTextos básicos
_v1
590 _aInventariado, 2018/VM
650 0 _aPsicología
_9152
650 0 _aConducta (Psicología)
_9673
650 4 _aAprendizaje
_9812
650 0 _aPersonalidad
_9395
650 0 _aSalud mental
_9803
830 0 _aTextos básicos
_v1
_953832
910 _aValidado. Control de calidad MFF
999 _c47306
_d47306